书目信息 |
| 题名: |
清代书画鉴定与艺术市场
|
|
| 作者: | 徐建融 著 | |
| 分册: | ||
| 出版信息: | 上海 上海书店出版社 1996.10 |
|
| 页数: | 215页 | |
| 开本: | 24cm | |
| 丛书名: | ||
| 单 册: | ||
| 中图分类: | J124 | |
| 科图分类: | ||
| 主题词: | 艺术--中国 , 中国艺术节 | |
| 电子资源: | ||
| ISBN: | 7-80622-120-4 | |
| 000 | 00530nam0 2200205 45 | |
| 001 | 0003071595 | |
| 005 | 20040513095009.7 | |
| 010 | @a7-80622-120-4@dCNY50.00 | |
| 100 | @a20000307d1996 km y0chiy0120 ea | |
| 101 | @achi | |
| 105 | @a z 000yy | |
| 200 | 1 | @a清代书画鉴定与艺术市场@f徐建融著 |
| 210 | @a上海@c上海书店出版社@d1996.10 | |
| 215 | @a215页@c附图97幅@d24cm | |
| 606 | 0 | @a艺术@y中国 |
| 606 | 0 | @a中国艺术节 |
| 690 | @aJ124@v1 | |
| 701 | @a徐建融@4著 | |
| 801 | @aCN@bTSTC@c20000308 | |
| 905 | @dJ124@e29@f1@b285690 | |
| 清代书画鉴定与艺术市场/徐建融著.-上海:上海书店出版社,1996.10 |
| 215页:附图97幅;24cm |
| ISBN 7-80622-120-4:CNY50.00 |
| ● |
| 相关链接 |
|
|
|
|
正题名:清代书画鉴定与艺术市场
索取号:J124/29
 
预约/预借
| 序号 | 登录号 | 条形码 | 馆藏地/架位号 | 状态 | 备注 |
| 1 | 0285690 | 002856902 | 第一借阅区/ [索取号:J124/29] | 在馆 | |
| 2 | 0285691 | 002856911 | 第一样本阅览室/ [索取号:J124/29] | 在馆 |